Symposium International d'Imagologie : (Record no. 54355)
| 000 -BAŞLIK | |
|---|---|
| Sabit Uzunluktaki Kontrol Alanı | 01609nam a22004097a 4500 |
| 001 - KONTROL NUMARASI | |
| Control Dosyası | 0054547 |
| 003 - KONTROL NUMARASI KİMLİĞİ | |
| Kontrol Alanı | KOHA_MİRAKIL |
| 005 - EN SON İŞLEM TARİHİ ve ZAMANI | |
| Kontrol Alanı | 20260207003949.0 |
| 007 - FİZİKSEL TANIM SABİT ALAN - GENEL BİLGİ | |
| Sabit uzunluklu kontrol alanı | ta |
| 008 - SABİT UZUNLUKTAKİ VERİ ÖGELERİ - GENEL BİLGİ | |
| Sabit Alan | 160106b2006 tu |||gr||||#||||1|tur | |
| 020 ## - ISBN - ULUSLARARASI STANDART KİTAP NUMARASI | |
| Isbn | 975720773X |
| 040 ## - KATALOGLAMA KAYNAĞI | |
| Özgün Kataloglama Kurumu | TR-BiSEU |
| Kataloglama Dili | tur |
| Çeviri Kurumu | TR-BiSEU |
| Açıklama Kuralları | rda |
| 041 0# - DİL KODU | |
| Metin ya da ses kaydının dil kodu | tur |
| 044 ## - YAYINLAYAN/ÜRETEN KURULUŞUN ÜLKE KODU | |
| ISO country code | tu |
| 050 ## - SINIFLAMA ve YER NUMARASI | |
| Sınıflama Numarası | P87.2 |
| Yer Numarası | .S95 2006 |
| 245 1# - ESER ADI BİLDİRİMİ | |
| Başlık | Symposium International d'Imagologie : |
| Alt Eseradı vb. | Les Modalites de la perception dans Les represantations de l'alterite =Uluslararası imgebilim sempozyumu : |
| -- | "öteki"nin sunumunda algılama ,26-28 Avril 2004 Muğla-Turquie/ |
| Sorumluluk Bildirimi | Editör Serhat Ulağlı. |
| 246 ## - DEĞİŞİK BAŞLIK FORMU | |
| Başlık uygun / kısa başlık | Symposium International d'Imagologie ( 2004: Mugla, Turquie) |
| 264 #1 - ÜRERİM, YAYIN, DAĞITIM ve TELİF BİLDİRİMİ | |
| Yayın yeri | Muğla : |
| Yayınlayan | Muğla Üniversitesi |
| Yayın tarihi | 2006 |
| 300 ## - FİZİKSEL TANIMLAMA | |
| Sayfa, Cilt vb. | 2 c.; cm. |
| 336 ## - İÇERİK TÜRÜ | |
| Content type term | metin |
| Content type code | txt |
| Source | rdacontent |
| 337 ## - MEDYA TÜRÜ | |
| Media type term | aracısız |
| Media type code | n |
| Source | rdamedia |
| 338 ## - TAŞIYICI TÜRÜ | |
| Carrier type term | cilt |
| Carrier type code | nc |
| Source | rdacarrier |
| 490 1# - DİZİ BİLDİRİMİ | |
| Dizi Bildirimi | Muğla Üniversitesi yayınları ; |
| Cilt Numarası | 77. |
| 490 1# - DİZİ BİLDİRİMİ | |
| Dizi Bildirimi | Rektörlük yayınları ; |
| Cilt Numarası | 55. |
| 500 ## - GENEL NOT | |
| Genel Not | Bibliyografya var. |
| 650 #0 - KONU BAŞLIĞI EK GİRİŞ - KONU TERİMİ | |
| Konusal terim veya coğrafi ad | İletişim--Kongreler. |
| 9 (RLIN) | 18939 |
| 650 #0 - KONU BAŞLIĞI EK GİRİŞ - KONU TERİMİ | |
| Konusal terim veya coğrafi ad | Communication--Congresses. |
| 9 (RLIN) | 11594 |
| 650 #0 - KONU BAŞLIĞI EK GİRİŞ - KONU TERİMİ | |
| Konusal terim veya coğrafi ad | Göstergebilim--Kongreler. |
| 9 (RLIN) | 101320 |
| 650 #0 - KONU BAŞLIĞI EK GİRİŞ - KONU TERİMİ | |
| Konusal terim veya coğrafi ad | Semiotics--Congresses. |
| 9 (RLIN) | 101321 |
| 650 #0 - KONU BAŞLIĞI EK GİRİŞ - KONU TERİMİ | |
| Konusal terim veya coğrafi ad | Kültürlerarası iletişim--Kongreler. |
| 9 (RLIN) | 101322 |
| 650 #0 - KONU BAŞLIĞI EK GİRİŞ - KONU TERİMİ | |
| Konusal terim veya coğrafi ad | Intercultural communication--Congresses. |
| 9 (RLIN) | 101323 |
| 650 #0 - KONU BAŞLIĞI EK GİRİŞ - KONU TERİMİ | |
| Konusal terim veya coğrafi ad | Kitle iletişim araçları ve kültür--Kongreler. |
| 9 (RLIN) | 101324 |
| 650 #0 - KONU BAŞLIĞI EK GİRİŞ - KONU TERİMİ | |
| Konusal terim veya coğrafi ad | Mass media and culture--Congresses. |
| 9 (RLIN) | 101325 |
| 830 1# - SERİ EK GİRİŞİ - TEKBİÇİM ESER ADI | |
| Tekbiçim Başlık | Muğla Üniversitesi yayınları ; |
| Volume number/sequential designation | 77. |
| 9 (RLIN) | 12706 |
| 830 1# - SERİ EK GİRİŞİ - TEKBİÇİM ESER ADI | |
| Tekbiçim Başlık | Rektörlük yayınları ; |
| Volume number/sequential designation | 55. |
| 9 (RLIN) | 12707 |
| 942 ## - EK GİRİŞ ÖGELERİ (KOHA) | |
| Source of classification or shelving scheme | Library of Congress Classification |
| Koha item type | Book |
| Materyal Türü | Kalıcı Konum | Mevcut Konum | Raf Yeri | Sınıflandırma Kaynağı | Edinim Bilgisi | Ana Konular | Alt Konular | Yer Numarası | Demirbaş Numarası | Fatura Tarihi | Geri Çekilme Durumu | Kayıp Durumu | Hasarlı Durumu | Kredi için değil | Kayıt Tarih | Toplam Ödünçverme | Son Görülme Tarihi | Son Kontrol Tarihi |
|---|---|---|---|---|---|---|---|---|---|---|---|---|---|---|---|---|---|---|
| Book | Prof. Dr. Azmi Özcan Kütüphanesi | Prof. Dr. Azmi Özcan Kütüphanesi | Birûni Salonu | Library of Congress Classification | Satın | DİL VE EDEBİYAT | Filoloji, Dilbilim | P87.2 .S95 2006 | 0054547 | 02/02/2026 | 06/01/2016 | 1 | 05/12/2024 | 05/12/2024 |
